000 00581nam a2200229Ia 4500
003 OSt
005 20220924144812.0
006 a|||||r|||| 00| 0
007 ta
008 220923b |||||||| |||| 00| 0 urd d
024 _a322017
037 _cTextual
040 _aARTS
_cARTS
_burd
041 _2urd
_aurd
082 _aS8, 168J4
100 _aWaliurrehman Muatzad Au.
_9218474
245 0 _aNafsiyat-e-afwad
260 _c1954
650 _aSOCIAL PSYCHOLOGY
942 _hS8, 168J4
_cTEXL
_2CC
999 _c458350
_d458350